Rok ostatni : (Rekord nr 27384)
| 000 -Nagłówek | |
|---|---|
| fixed length control field | 02476cam a2200565 i 4500 |
| 001 - Nr kontrolny bibl., która utworzyła rek. | |
| control field | xx004768821 |
| 003 - Siglum bibl., której nr kontr. jest w 001 | |
| control field | NUKAT |
| 005 - Data i czas ostatniej operacji | |
| control field | 20260331135553.0 |
| 008 - Elementy pola stałej długości | |
| fixed length control field | 191211s2019 pl |001 0 pol c |
| 020 ## - ISBN | |
| ISBN | 9788395210402 |
| dopowiedzenie | (oprawa twarda) |
| 035 ## - Systemowy numer kontrolny | |
| systemowy numer kontrolny | (OCoLC)1135396446 |
| 035 ## - Systemowy numer kontrolny | |
| systemowy numer kontrolny | (NUKAT)xx004768821 |
| 040 ## - Instytucja sporządzająca opis | |
| Instytucja, która sporządziła opis | WR U/MB |
| język katalgowania-trzyzn. kod | pol |
| zasady opisu | rda |
| Instytucja, która sporządziła rekord | WR U/MBs |
| Instytucja, która zmodyfikowała rekord | WR U/hb |
| -- | OLSZT 008/bak |
| 045 0# - Okres czasu dla zawartości | |
| czas między r. 9999 pne a nasz. czas. | d1989 |
| 046 ## - Kod rodz. daty, data1, data2 (daty pne) | |
| Begin/single date | 2019 |
| Single or starting date for aggregated content | 1989 |
| 110 2# - Hasło główne-nazwa ciała zbiorowego | |
| Naz. ciała zbior. lub naz. geogr. | Archiwum Państwowe (Olsztyn). |
| rodzaj współpracy | Autor |
| -- | Wydawca |
| 9 (RLIN) | 13054 |
| 245 10 - Tytuł właściwy i oznaczenie odpow. | |
| tytuł | Rok ostatni : |
| dodatek do tytułu | wydarzenia 1989 roku w teleksach Komitetu Wojewódzkiego PZPR w Olsztynie : wybór dokumentów z zasobu Archiwum Państwowego w Olsztynie / |
| dod. inf. ze s. tyt./ozn. odpow. | do druku podali Mariusz Korejwo i Karol Maciejko ; wstępem opatrzył Mariusz Korejwo ; współpraca Ewelina Gołębiowska i Dominika Rucińska. |
| 246 30 - Inne formy tytułu, wariant tytułu | |
| tytuł | Wydarzenia 1989 roku w teleksach Komitetu Wojewódzkiego PZPR w Olsztynie : |
| cd. tytułu | wybór dokumentów z zasobu Archiwum Państwowego w Olsztynie |
| 260 ## - Adres wydawniczy | |
| miejsce wydania, dystrybucji itp. | Olsztyn : |
| nazwa wydawcy, dystrybutora itp. | Archiwum Państwowe, |
| data wydania, dystrybucji itp. | 2019. |
| 300 ## - Opis fizyczny | |
| objętość i/lub forma materiału | 427, [1] strona ; |
| format | 25 cm. |
| 336 ## - Content Type | |
| Term | Tekst |
| Code | txt |
| Source | rdacontent |
| 337 ## - Media Type | |
| Term | Bez urządzenia pośredniczącego |
| Code | n |
| Source | rdamedia |
| 338 ## - Carrier Type | |
| Term | Wolumin |
| Code | nc |
| Source | rdacarrier |
| 380 ## - Form of work | |
| Form of work | Książki |
| 380 ## - Form of work | |
| Form of work | Publikacje naukowe |
| 388 1# - TIME PERIOD OF CREATION | |
| Time period of creation term | 1901-2000 |
| 388 1# - TIME PERIOD OF CREATION | |
| Time period of creation term | 1945-1989 |
| 388 1# - TIME PERIOD OF CREATION | |
| Time period of creation term | 2001- |
| 490 1# - Tytuł serii i ks. wielotom.-nie do wysz. | |
| oznaczenie serii | Prace Historyczno-Archiwalne Archiwum Państwowego w Olsztynie ; |
| numer woluminu | 4 |
| 500 ## - Uwaga ogólna | |
| uwaga ogólna | Kolejne oznaczenie odpowiedzialności na stronie [428]. |
| 504 ## - Uwaga o bibliografii | |
| uwaga o bibliografii | Indeksy. |
| 610 27 - Hasło przedmiotowe-nazwa ciała zbior. | |
| nazwa ciała zbior. lub geogr. | Komitet Wojewódzki PZPR (Olsztyn) |
| źródło hasła | DBN |
| 9 (RLIN) | 39314 |
| 610 27 - Hasło przedmiotowe-nazwa ciała zbior. | |
| nazwa ciała zbior. lub geogr. | Polska Zjednoczona Partia Robotnicza. |
| nazwa jednostki podrzędnej | Komitet Wojewódzki (Olsztyn) |
| określnik rzeczowy | historia |
| określnik formy | źródła. |
| źródło hasła | kaba |
| 9 (RLIN) | 39315 |
| 648 #7 - SUBJECT ADDED ENTRY--CHRONOLOGICAL TERM | |
| Chronological term | 1901-2000 |
| Source of heading or term | DBN |
| 9 (RLIN) | 34996 |
| 648 #7 - SUBJECT ADDED ENTRY--CHRONOLOGICAL TERM | |
| Chronological term | 1945-1989 |
| Source of heading or term | DBN |
| 9 (RLIN) | 36043 |
| 650 #7 - Hasło przedmiotowe-nazwa pospolita | |
| nazwa pospolita lub geogr. | Jesień Ludów |
| źródło hasła | DBN |
| 9 (RLIN) | 39316 |
| 651 #7 - Hasło przedmiotowe-nazwa geogr. | |
| nazwa geograficzna | Polska |
| źródło hasła | DBN |
| 9 (RLIN) | 35076 |
| 651 #7 - Hasło przedmiotowe-nazwa geogr. | |
| nazwa geograficzna | Polska |
| określnik rzeczowy | polityka i rządy |
| określnik chronologiczny | 1989- |
| określnik formy | źródła. |
| źródło hasła | kaba |
| 9 (RLIN) | 39317 |
| 655 #7 - Termin określający rodzaj/formę | |
| rodzaj/forma | Antologia |
| źródło terminu | DBN |
| 9 (RLIN) | 34961 |
| 655 #7 - Termin określający rodzaj/formę | |
| rodzaj/forma | Dokumenty |
| źródło terminu | DBN |
| 9 (RLIN) | 37215 |
| 655 #7 - Termin określający rodzaj/formę | |
| rodzaj/forma | Wydawnictwo źródłowe |
| źródło terminu | DBN |
| 9 (RLIN) | 35066 |
| 658 ## - Nazwa określająca cel programu nauczania | |
| główny cel programu nauczania | Historia |
| 700 1# - Hasło dodatkowe - nazwa osobowa | |
| nazwa osobowa | Gołębiowska, Ewelina. |
| rodzaj współpracy | Redakcja |
| 9 (RLIN) | 39318 |
| 700 1# - Hasło dodatkowe - nazwa osobowa | |
| nazwa osobowa | Korejwo, Mariusz Tomasz |
| daty biograficzne | (1973- ). |
| rodzaj współpracy | Redakcja |
| -- | Wstęp |
| 9 (RLIN) | 13107 |
| 700 1# - Hasło dodatkowe - nazwa osobowa | |
| nazwa osobowa | Maciejko, Karol. |
| rodzaj współpracy | Redakcja |
| 9 (RLIN) | 39319 |
| 700 1# - Hasło dodatkowe - nazwa osobowa | |
| nazwa osobowa | Rucińska, Dominika. |
| rodzaj współpracy | Redakcja |
| 9 (RLIN) | 39320 |
| 830 #0 - Hasło dod. serii i op. ks. wielotom. -tyt | |
| tytuł | Prace Historyczno-Archiwalne Archiwum Państwowego w Olsztynie |
| oznaczenie tomu | 4 |
| 9 (RLIN) | 23542 |
| 920 ## - ISBN | |
| ISBN | 978-83-952104-0-2 (oprawa twarda) |
| 942 ## - ADDED ENTRY ELEMENTS (KOHA) | |
| Source of classification or shelving scheme | Dewey Decimal Classification |
| Koha item type | pozycje dostępne na miejscu |
| Status wycofania | Status zagubienia | Klasyfikacja | Status uszkodzenia | Blokada wypożyczeń | Kolekcja | Lokalizacja macierzysta | Lokalizacja bieżąca | Data nabycia | Numer akcesji | Źródło akcesji | Cena | Nr inwentarzowy | il. wypożyczeń | Sygnatura | Kod kreskowy | Date last seen | Price effective from | Typ egz. |
|---|---|---|---|---|---|---|---|---|---|---|---|---|---|---|---|---|---|---|
| Dewey Decimal Classification | nieuszkodzona | książka w magazynie | Biblioteka Instytutu Północnego w Olsztynie | Biblioteka Instytutu Północnego w Olsztynie | 08/11/2019 | D-35/2019 | dar | 60.00 | 59813 | 59813 | IPWK21512 | 31/03/2026 | 31/03/2026 | pozycje dostępne na miejscu |